000 01374nam a2200313 c 4500
999 _c124193
_d124193
003 BLK
005 20210621135721.0
008 180409b bul|||||r ||||||| ||bul||
010 _aKNG00129859000
040 _aBLK
041 _aBUL
_cBUL
080 _aКласическа гръцка литература. Старогръцка литература
_b821.142
_x-22
_z821.142-22
100 1 _aАристофан
_eпърви автор
_933430
139 _aАристофан
_bА 84
245 1 0 _aЖенска управия
_bКомедия
_cАристофан; прев. от ориг. Александър Михайлов Балабанов.
250 _a3. изд.
257 _aDRG
260 _bАлександър Паскалев и сие
_c1919
300 _a58 с.
_c18 см
380 _aX
490 _aВсемирна библиотека
_v№ 113 и 113б
_9204422
500 _aКн. излязла и под загл. : Жените в парламента и Женско народно събрание.
700 1 _aБалабанов, Александър Михайлов
_eпрев. от ориг.
_9368000
852 _aЦб 8.150.48438
856 4 _qpdf
856 4 _qpdf
942 _cKNG
_n0
_s1
944 _aCR
_c21.04.2012
_l21.04.2012 - от С1,Р / 21.04.2012
_kКети_Илиева
944 _aED
_c21.04.2012
_l21.04.2012 - от С1,Р / 21.04.2012
999 _d124193